Top 100 DJs of 2017 DJMag - Statistics

General Stats
  • This quiz has been taken 172 times
  • The average score is 21 of 100
Answer Stats
# Answer % Correct
1 Martin Garrix
88%
7 David Guetta
77%
5 Tiësto
74%
28 Avicii
68%
3 Armin Van Buuren
67%
4 Hardwell
59%
15 Calvin Harris
56%
2 Dimitri Vegas & Like Mike
55%
10 Marshmello
54%
16 Skrillex
52%
9 Steve Aoki
46%
23 DJ Snake
44%
6 The Chainsmokers
44%
24 Kygo
43%
21 Axwell /\ Ingrosso
42%
17 Alan Walker
40%
8 Afrojack
38%
29 Zedd
37%
37 Alesso
35%
49 Deadmau5
35%
25 Diplo
34%
11 Don Diablo
32%
12 KSHMR
32%
62 Carl Cox
31%
13 Oliver Heldens
31%
45 Major Lazer
30%
50 Nicky Romero
29%
43 Timmy Trumpet
28%
42 Nervo
27%
66 Galantis
26%
18 R3hab
26%
14 W & W
25%
33 Headhunterz
23%
34 Eric Prydz
22%
32 VINAI
22%
22 DVBBS
21%
26 Lost Frequencies
21%
82 Steve Angello
21%
19 Alok
20%
76 Robin Schulz
20%
60 Mike Williams
19%
35 Bassjackers
18%
86 Dillon Francis
17%
89 Alison Wonderland
16%
36 Blasterjaxx
16%
96 Porter Robinson
16%
95 Tchami
16%
27 Above & Beyond
15%
40 Angerfist
15%
46 Tujamo
15%
72 Vini Vici
15%
78 Carnage
13%
100 Disclosure
13%
64 Lucas & Steve
13%
38 Ummet Ozcan
13%
57 Yellow Claw
13%
61 Dannic
12%
30 Quintino
11%
75 Sam Feldt
11%
20 Dash Berlin
10%
87 Flume
10%
51 Paul van Dyk
10%
54 ATB
9%
90 Ferry Corsten
9%
68 Jay Hardway
9%
53 Aly & Fila
8%
59 Brennan Heart
8%
39 Fedde Le Grand
8%
73 Jauz
8%
70 Martin Jensen
8%
97 Paul Kalkbrenner
8%
83 Will Sparks
8%
55 Yves V
8%
67 Da Tweekaz
7%
71 Florian Picasso
7%
81 Solomun
7%
79 Andrew Rayel
6%
85 Black Coffee
6%
44 Radical Redemption
6%
94 Julian Jordan
5%
88 Shogun
5%
99 Swanky Tunes
5%
98 DJ L
4%
80 Richie Hawtin
4%
31 Vintage Culture
4%
41 Wolfpack
4%
77 Andy C
3%
92 Carta
3%
69 Claptone
3%
52 Danny Avila
3%
56 Diego Miranda
3%
48 Kura
3%
91 Maceo Plex
3%
84 Mariana Bo
3%
58 Miss K8
3%
93 Mosimann
3%
47 Tom Swoon
3%
65 Warface
3%
63 Carl Nunes
2%
74 Cat Dealers
2%
No matching quizzes found
Score Distribution
Percent of People with Each Score
Percentile by Number Answered
Your Score History
You have not taken this quiz